|
|
|
|
| LEADER |
00742cam a2200253 7i4500 |
| 001 |
0000033100 |
| 005 |
20160714090000.0 |
| 007 |
##ta |
| 008 |
160714t20152015my a e 000 0 may |
| 020 |
# |
# |
|a 9789673692798
|
| 040 |
# |
# |
|a BNM
|
| 090 |
0 |
0 |
|a B 808.02
|b MAT (LRM)
|
| 100 |
0 |
# |
|a Matluthfi
|e author
|
| 245 |
1 |
0 |
|a Catatan Matluthfi
|c Matluthfi.
|
| 264 |
# |
4 |
|a ♭2015.
|
| 264 |
# |
1 |
|a Batu Caves, Selangor:
|b Open Bridge Publications,
|c 2015.
|
| 300 |
# |
# |
|a 241 pages:
|b color illustrations;
|c 20 cm.
|
| 336 |
# |
# |
|a text
|2 rdacontent
|
| 337 |
# |
# |
|a unmediated
|2 rdamedia
|
| 338 |
# |
# |
|a volume
|2 rdacarrier
|
| 546 |
# |
# |
|a Malay and English text
|
| 600 |
0 |
0 |
|a Matluthfi
|
| 650 |
# |
0 |
|a Authorship
|
| 999 |
|
|
|a B000037434
|b Book
|c Book
|e Business Information Centre
|